000 00312nam a2200145Ia 4500
100 _aSmith/ Roderick W
942 _cRB
654 _alinux
245 _aLinux : Networking for your Office
260 _bTechmedia
_c2000
082 _a005.133'L'
_bSMI
300 _a618
546 _aENGLISH
999 _c25657
_d25657